Hauptstädte mit dem Buchstaben U als zweitem Buchstaben - Statistiken

Allgemein
  • Dieses Quiz wurde 1.057 mal gespielt
  • Das Durchschnittsergebnis liegt bei 13 aus 20
Antwortstatistiken
Hauptstadt % Korrekt
Budapest
84%
Bukarest
83%
Luanda
77%
Lusaka
73%
Tunis
72%
Guatemala-Stadt
68%
Dublin
66%
Kuala Lumpur
66%
Kuwait-Stadt
66%
Buenos Aires
63%
Duschanbe
63%
Funafuti
63%
Suva
63%
Juba
61%
Luxemburg
59%
Quito
54%
Ouagadougou
51%
Nukuʻalofa
50%
Sucre
44%
Nursultan
40%
Keine übereinstimmenden Quizze gefunden
Verteilung der Resultate
Anzahl Personen mit jedem Resultat
Perzentil nach korrekt beantworteten Fragen
Ihre Resultats-Entwicklung
Sie haben dieses Quiz noch nicht gespielt